INTRODUCTORY ECONOMETRICS : A MODERN APPROACH (Record no. 6553)

000 -LEADER
fixed length control field 00391nam a22001337a 4500
008 - FIXED-LENGTH DATA ELEMENTS--GENERAL INFORMATION
fixed length control field 200206b ||||| |||| 00| 0 eng d
020 ## - INTERNATIONAL STANDARD BOOK NUMBER
International Standard Book Number 9780324323481
Terms of availability XXII,
050 ## - LIBRARY OF CONGRESS CALL NUMBER
Classification number 330.015 195 WOO
082 ## -
Edition number 3ED.
Classification number 330.015 195 WOO
100 ## - MAIN ENTRY--PERSONAL NAME
Personal name WOOLDRIDGE, JEFFREY M.
245 ## - TITLE STATEMENT
Title INTRODUCTORY ECONOMETRICS : A MODERN APPROACH
250 ## - EDITION STATEMENT
Edition statement 3ED.
260 ## - PUBLICATION, DISTRIBUTION, ETC. (IMPRINT)
Place of publication, distribution, etc. TORONTO;
Name of publisher, distributor, etc. THOMSON SOUTH-WESTERN,
Date of publication, distribution, etc. 2006.
Holdings
Withdrawn status Lost status Source of classification or shelving scheme Damaged status Koha normalized classification for sorting Not for loan Home library Current library Date acquired Total Checkouts Full call number Barcode Date last seen Price effective from
        330_015000000000000_195_WOO   Dodoma Dodoma 06/02/2020   330.015 195 WOO 0000000017218 06/02/2020 06/02/2020

IRDP © 2019 :: Managed by IRDP ICT Unit